[Event "Ambelokipi op 163th"]
[Site "Athens"]
[Date "2017.03.08"]
[Round "2"]
[White "Nikolaou, Georgios"]
[Black "Ntaifas, Ioannis"]
[Result "1-0"]
[WhiteElo "2243"]
[BlackElo "1754"]
[PlyCount "91"]
[EventDate "2017.03.01"]
[EventType "swiss"]
[EventRounds "7"]
[EventCountry "GRE"]
[SourceTitle "EXT 2024"]
[Source "ChessBase"]
[SourceDate "2023.10.10"]
[SourceVersion "1"]
[SourceVersionDate "2023.10.10"]
[SourceQuality "1"]

1. d4 e6 2. c4 f5 3. Nf3 Nf6 4. g3 Be7 5. Bg2 0-0 6. 0-0 d6 7. Nc3 a5 8. Re1 Ne4 9. Qc2 Nxc3 10. bxc3 Nc6 11. e4 e5 12. exf5 Rxf5 13. dxe5 dxe5 14. Rb1 Qf8 15. Qe2 Bc5 16. Be3 Be7 17. Nd2 Qe8 18. Qd3 Rf8 19. Rb5 Kh8 20. Be4 Qh5 21. f4 Bf5 22. Qe2 Qxe2 23. Rxe2 Bxe4 24. Nxe4 b6 25. fxe5 Rad8 26. Bf4 Ba3 27. Kg2 h6 28. h4 Rfe8 29. h5 a4 30. Nf2 Na5 31. Re4 Nb7 32. Rd5 Nc5 33. Red4 Ne6 34. Rxd8 Rxd8 35. Rd5 Kg8 36. Kf3 Kf7 37. Ke4 Be7 38. Be3 c6 39. Rxd8 Bxd8 40. Kf5 Bc7 41. Ne4 c5 42. g4 Nf8 43. g5 hxg5 44. Nxg5+ Ke7 45. Bf4 Nd7 46. Ne6 1-0

[Event "Athens Siaperas Memorial 12th"]
[Site "Athens"]
[Date "2016.02.06"]
[Round "5"]
[White "Poulos, Georgios"]
[Black "Ntaifas, Ioannis"]
[Result "1-0"]
[WhiteElo "1957"]
[BlackElo "1859"]
[PlyCount "71"]
[EventDate "2016.01.09"]
[EventType "swiss"]
[EventRounds "7"]
[EventCountry "GRE"]
[SourceTitle "EXT 2024"]
[Source "ChessBase"]
[SourceDate "2023.10.10"]
[SourceVersion "1"]
[SourceVersionDate "2023.10.10"]
[SourceQuality "1"]

1. e4 e6 2. d4 d5 3. Nc3 Be7 4. e5 b6 5. Qg4 Bf8 6. Bb5+ c6 7. Ba4 Ba6 8. Nge2 Ne7 9. 0-0 Qc7 10. f4 Nf5 11. a3 Nd7 12. Re1 Be7 13. b4 Bb7 14. Bd2 0-0 15. Nd1 c5 16. c3 a5 17. bxc5 bxc5 18. Ne3 Nb6 19. Bc2 Nxe3 20. Bxe3 Nc4 21. Ng3 Qd8 22. f5 Nxe3 23. Rxe3 exf5 24. Nxf5 g6 25. e6 Bc8 26. Rae1 Bxe6 27. Rxe6 fxe6 28. Rxe6 Bf6 29. h4 Ra7 30. h5 g5 31. Rd6 Qe8 32. Rxf6 Qe1+ 33. Kh2 Qd2 34. Nh6+ Kg7 35. Rxf8 Kxf8 36. Qc8+ 1-0

[Event "Ambelokipi op 87th"]
[Site "Athens"]
[Date "2008.05.10"]
[Round "1"]
[White "Anastasopoulos, Spyros"]
[Black "Ntaifas, Ioannis"]
[Result "1-0"]
[WhiteElo "2201"]
[BlackElo "2051"]
[PlyCount "57"]
[EventDate "2008.05.10"]
[EventType "swiss"]
[EventRounds "7"]
[EventCountry "GRE"]
[SourceTitle "EXT 2010"]
[Source "ChessBase"]
[SourceDate "2010.11.25"]
[SourceVersion "1"]
[SourceVersionDate "2010.11.25"]
[SourceQuality "1"]

1. e4 e6 2. d4 c5 3. Nf3 cxd4 4. Nxd4 Nc6 5. Nb5 Nf6 6. N1c3 d6 7. Bf4 e5 8. Bg5 a6 9. Na3 b5 10. Bxf6 gxf6 11. Nd5 Bg7 12. Bd3 Be6 13. 0-0 0-0 14. Qh5 Rb8 15. c3 Ne7 16. Nc2 a5 17. Nce3 Ng6 18. f4 exf4 19. Nxf4 Ne5 20. Kh1 b4 21. c4 Rc8 22. b3 Rc5 23. Ned5 Bg4 24. Qh4 f5 25. Ne7+ Kh8 26. exf5 Nxd3 27. f6 Ne5 28. fxg7+ Kxg7 29. Nh5+ 1-0

[Event "Ambelokipi op 70th"]
[Site "Athens"]
[Date "2006.05.19"]
[Round "4"]
[White "Ntaifas, Ioannis"]
[Black "Syfantos, Nikolaos"]
[Result "1-0"]
[WhiteElo "2077"]
[BlackElo "1876"]
[PlyCount "55"]
[EventDate "2006.05.06"]
[EventType "swiss"]
[EventRounds "7"]
[EventCountry "GRE"]
[SourceTitle "EXT 2007"]
[Source "ChessBase"]
[SourceDate "2006.11.23"]
[SourceVersion "1"]
[SourceVersionDate "2006.11.23"]
[SourceQuality "1"]

1. e4 c6 2. d4 d5 3. Nc3 dxe4 4. Bc4 Nf6 5. f3 exf3 6. Nxf3 Bf5 7. 0-0 e6 8. Bg5 Be7 9. Qe2 0-0 10. Rad1 Nbd7 11. Kh1 Nb6 12. Bb3 Nbd5 13. Nxd5 cxd5 14. Ne5 Rc8 15. c3 a6 16. Rde1 Be4 17. Rf2 Ng4 18. Qxg4 Bxg5 19. Nxf7 Rxf7 20. Rxf7 Kxf7 21. Rxe4 Qf6 22. Re1 Rf8 23. Qe2 Kg8 24. g3 Qf3+ 25. Qxf3 Rxf3 26. Rxe6 Rf2 27. Bxd5 Rxb2 28. Re8# 1-0

[Event "Ambelokipi op 65th"]
[Site "Athens"]
[Date "2005.09.17"]
[Round "1"]
[White "Ntaifas, Ioannis"]
[Black "Halkis, Apostolos"]
[Result "1/2-1/2"]
[WhiteElo "2154"]
[BlackElo "1768"]
[PlyCount "60"]
[EventDate "2005.09.17"]
[EventType "swiss"]
[EventRounds "7"]
[EventCountry "GRE"]
[SourceTitle "EXT 2007"]
[Source "ChessBase"]
[SourceDate "2006.11.23"]
[SourceVersion "1"]
[SourceVersionDate "2006.11.23"]
[SourceQuality "1"]

1. e4 c5 2. Nc3 Nc6 3. Nge2 e6 4. d4 cxd4 5. Nxd4 Nge7 6. Ndb5 Ng6 7. Nd6+ Bxd6 8. Qxd6 Qe7 9. Qxe7+ Kxe7 10. Be3 Nge5 11. Be2 d6 12. f4 Nd7 13. 0-0-0 a6 14. Rhf1 b5 15. f5 h6 16. a3 Nce5 17. g4 Bb7 18. g5 hxg5 19. fxe6 Kxe6 20. Bxg5 f6 21. Bf4 Nc5 22. Bf3 Rad8 23. Bg2 Bc6 24. Nd5 Bxd5 25. Rxd5 Ng6 26. Bg3 Ne7 27. Rd2 Nc6 28. Rfd1 Ne5 29. b3 Ke7 30. Rd5 Ke6 1/2-1/2